Vyraďovanie nehmotných aktív a hmotných neobežných aktív

Neobežné aktíva (označované aj ako stále aktíva, fixné aktíva alebo dlhodobý majetok) majú v rámci účtovníctva osobitné postavenie predovšetkým preto, že majú schopnosť generovať príjmy počas viacerých období. Pretože táto schopnosť postupom času klesá, musí sa v účtovníctve prejaviť zníženie hodnot...

Descrizione completa

Salvato in:
Dettagli Bibliografici
Autore principale: Tumpach, Miloš, 1970-
Natura: Capitolo di libro
Lingua:slovacco
Soggetti:
Tags: Aggiungi Tag
Nessun Tag, puoi essere il primo ad aggiungerne!!

MARC

LEADER 00000nla$a2200000$$$4500
001 0133823
005 20240502072513.1
041 0 |a slo 
044 |a SK 
245 1 0 |a Vyraďovanie nehmotných aktív a hmotných neobežných aktív  |c Miloš Tumpach 
520 |a Neobežné aktíva (označované aj ako stále aktíva, fixné aktíva alebo dlhodobý majetok) majú v rámci účtovníctva osobitné postavenie predovšetkým preto, že majú schopnosť generovať príjmy počas viacerých období. Pretože táto schopnosť postupom času klesá, musí sa v účtovníctve prejaviť zníženie hodnoty takýchto aktív takisto postupne. 
610 2 0 |a štandardy účtovné medzinárodné 
610 2 0 |a aktíva 
610 2 0 |a majetok dlhodobý 
610 2 0 |a IAS 
100 1 |a Tumpach, Miloš, 1970-